Estland als Belgien
| Titel: | Estland als Belgien : Der letzte Balte Hermann Keyserling |
|---|---|
| Verfasser: | |
| In: |
Baltisches Welterlebnis, (2007), Seite 533-570 alle Artikel anzeigen |
| Veröffentlicht: | 2007 |
| Format: | Aufsatz |
| Sprache: | Deutsch |
X
alg: 39222476 001A $01999:11-11-16 001B $01999:16-05-21 $t20:25:27.000 001D $01999:11-11-16 001U $0utf8 001X $00 002@ $0Aox 003@ $0392224763 007A $0392224763 $aHEB 007T $0Herdc0043231m 010@ $ager 011@ $a2007 021A $aEstland als Belgien $dDer letzte Balte Hermann Keyserling 028A $#Undusks, Jāns $71046252518 $8Undusk, Jaan$Z1958- [Tp1] $9335396453 031A $h533-570 $j2007 039B $aIn $8--Aau--. Baltisches Welterlebnis. - Heidelberg : Winter, 2007. - 586 S.. - Ill.. - ISBN 978-3-8253-5376-6 $x200700000000000467 $9190652160 045F $a929.094798 $eDDC23BSB 045F/01 $a929 045F/03 $g4798 lok: 39222476 78 exp: 39222476 78 1 #EPN 201B/01 $001-03-19 $t22:51:54.000 201U/01 $0utf8 203@/01 $0788321021 208@/01 $a11-11-16 $be 209A/01 $a/ $f000 $x00 220C/01 $aTitelaufnehmer: kk;sk 220C/01 $aHerkunft: HI Marburg 244Z/01 $2Trx $#Estija $#Igaunija $#Estland $#Estonia $#Estonia $#Estónsko $#Estonsko $8--Trx--Eesti $x01 $9391237225 244Z/01 $#Keyserling, Hermann $#Keyserling, Hermann Graf $#Keyserling, Hermann von $#Keyserling, Hermann de $#Keyserling, Hermann Alexander $#Keyserling, Herman de $#Kejzerling, G. fon $#Keyserlingk, Hermann von $#Kajzerling, German $#Kajzerling, Herman $#Keyserling, Hermann Alex. $#Keyserling, Hermann Alexander von $#Keyserling, Hermann Alexander Graf von $7118722158 $8--Tp1--Keyserling, Hermann$Z1880-1946 $x02 $9087062941 244Z/01 $2Trx $#baltisakslased $#Pabaltijo vokiečiai $#German Balts $#német-balti népek $#Niemcy bałtyccy $#Nemci pobaltskí $#Němci pobaltskí $8--Trx--Deutschbalten $x03 $9391369946 244Z/01 $2Trx $#filosoofid $#filosofai $#philosophers $#filozófusok $#filozofowie $#filozofi $#filozofové $8--Trx--Philosophen $x04 $9391360442 244Z/01 $2Trx $#riiklus, Eesti $#Estijos valstybingumas $#statehood, Estonian $#államiság, észt $#państwowość, estońska $#štátnosť estónska $#státnost estonská $8--Trx--Staatlichkeit, estnische $x05 $9391369393 244Z/01 $2Trx $#identiteedid, rahvuslikud $#tautinė tapatybė $#national identity $#identitás, nemzeti $#świadomość narodowa $#totožnosť národná $#identita národní $#Nationalbewußtsein $#tożsamość narodowa $#uvedomenie národné $#uvědomění národní $8--Trx--Identität, nationale $x06 $9391365169 244Z/01 $2Trx $8--Trx--Einzelbeiträge $x07 $9391384570 245Z/01 $a12.03 $x01 247C/01 $82080>Marburg/Lahn, Herder-Institut, Forschungsbibliothek, Bibliographieportal $9336309341
| LEADER | 00000caa a22000002c 4500 | ||
|---|---|---|---|
| 001 | 392224763 | ||
| 003 | DE-603 | ||
| 005 | 20210516202527.0 | ||
| 007 | tu | ||
| 008 | 161111s2007 xx |||| | u00||u|ger c | ||
| 035 | |a (DE-599)HEB392224763 | ||
| 040 | |a DE-603 |b ger |c DE-603 |d DE-603 | ||
| 041 | |a ger | ||
| 082 | 0 | 4 | |8 1\u |a 929.094798 |q DE-101 |2 23/BSB |
| 085 | |8 1\u |b 929 | ||
| 085 | |8 1\u |z 2 |s 4798 | ||
| 100 | 1 | |a Undusk, Jaan |d 1958- |0 (DE-603)335396453 |0 (DE-588)1046252518 |2 gnd | |
| 245 | 0 | 0 | |a Estland als Belgien |b Der letzte Balte Hermann Keyserling |
| 264 | 0 | |c 2007 | |
| 773 | 0 | 8 | |i In |t Baltisches Welterlebnis |d Heidelberg : Winter, 2007 |h 586 S., Ill. |z 9783825353766 |z 3825353761 |g (2007), Seite 533-570 |w (DE-603)190652160 |
| 924 | 0 | |9 2080 |a (DE-603)788321021 |b DE-2080 |c HES |d d |g / | |


